Sports Quiz

Random Sports or Color Quiz
Score 0/8 Timer 04:00
0 Plays Today
% Correct
Blue
60.9%
Red
58%
Orange
56.5%
Black
53.6%
Yellow
49.3%
Green
46.4%
Purple
44.9%
Silver
44.9%

You're not logged in!

Compare scores with friends on all Sporcle quizzes.
OR
Log In

Sporcle TV

Today on Sporcle TV


Watch our educational content, quiz creation guides, and fun videos on Sporcle TV.

Show Comments

Extras

Created Sep 27, 2013ReportNominate
Tags:Color Quiz, NFL Quiz, cool

Top Quizzes Today


Score Distribution

Paid Content

Your Account Isn't Verified!

In order to create a playlist on Sporcle, you need to verify the email address you used during registration. Go to your Sporcle Settings to finish the process.

Report this User

Report this user for behavior that violates our Community Guidelines.

Details: